<?xml version="1.0" encoding="UTF-8"?>
<record
    xmlns:xsi="http://www.w3.org/2001/XMLSchema-instance"
    xsi:schemaLocation="http://www.loc.gov/MARC21/slim http://www.loc.gov/standards/marcxml/schema/MARC21slim.xsd"
    xmlns="http://www.loc.gov/MARC21/slim">

  <leader>00695nam a2200181 a 4500</leader>
  <controlfield tag="005">20120105141038.0</controlfield>
  <datafield tag="020" ind1=" " ind2=" ">
    <subfield code="a">9788184971772</subfield>
    <subfield code="c">65.00</subfield>
  </datafield>
  <datafield tag="037" ind1=" " ind2=" ">
    <subfield code="b">PUB</subfield>
  </datafield>
  <datafield tag="100" ind1=" " ind2=" ">
    <subfield code="a">Blacker, Terence </subfield>
    <subfield code="9">38342</subfield>
  </datafield>
  <datafield tag="245" ind1=" " ind2=" ">
    <subfield code="a">Your're kidding, Ms Wiz /</subfield>
    <subfield code="c">by Terence Blacker; illustrated by Tony Ross </subfield>
  </datafield>
  <datafield tag="260" ind1=" " ind2=" ">
    <subfield code="a">New Delhi </subfield>
    <subfield code="b">BPI India </subfield>
    <subfield code="c">2011</subfield>
  </datafield>
  <datafield tag="270" ind1=" " ind2=" ">
    <subfield code="a">F-213 / A, Ground Floor, Old Mehrauli Badarpur Road, Lado Sarai</subfield>
    <subfield code="b">New Delhi </subfield>
    <subfield code="e">110030</subfield>
  </datafield>
  <datafield tag="300" ind1=" " ind2=" ">
    <subfield code="a">59p. </subfield>
    <subfield code="c">21cm(pbk) </subfield>
    <subfield code="b">ill. </subfield>
  </datafield>
  <datafield tag="700" ind1=" " ind2=" ">
    <subfield code="a"> Ross, Tony</subfield>
    <subfield code="9">38323</subfield>
  </datafield>
  <datafield tag="856" ind1=" " ind2=" ">
    <subfield code="3">Table of contents</subfield>
    <subfield code="u">http://www.loc.gov/catdir/toc/ecip0516/2005020735.html</subfield>
  </datafield>
  <datafield tag="942" ind1=" " ind2=" ">
    <subfield code="2">ddc</subfield>
    <subfield code="c">CH</subfield>
    <subfield code="m">BLA</subfield>
  </datafield>
  <datafield tag="999" ind1=" " ind2=" ">
    <subfield code="c">60360</subfield>
    <subfield code="d">60360</subfield>
  </datafield>
  <datafield tag="952" ind1=" " ind2=" ">
    <subfield code="0">0</subfield>
    <subfield code="1">0</subfield>
    <subfield code="4">0</subfield>
    <subfield code="7">-1</subfield>
    <subfield code="a">AG</subfield>
    <subfield code="b">AG</subfield>
    <subfield code="d">2012-01-05</subfield>
    <subfield code="g">65.00</subfield>
    <subfield code="l">0</subfield>
    <subfield code="o">BLA</subfield>
    <subfield code="r">2012-01-05 00:00:00</subfield>
    <subfield code="v">65.00</subfield>
    <subfield code="w">2012-01-05</subfield>
    <subfield code="y">CH</subfield>
  </datafield>
</record>
